Statistiques concernant Les plus grandes agglomérations du Portugal

Cliquez ici pour prendre le quiz!

Statistiques générales

  • Ce quiz a été pris 104 fois
  • Le résultat moyen est 6 sur 11

Statistiques - réponses

PlaceHabitantsNom% Correct
1.2 818 000Agglomération de Lisbonne
100%
2.1 758 531Agglomération de Porto
100%
4.250 000Agglomération de Braga
87%
10.118 000Agglomération de Faro
75%
6.180 000Agglomération de Guimarães
51%
7.140,000Agglomération de Aveiro
48%
5.210 000Agglomération de Funchal
44%
11.110 000Agglomération de Viseu
40%
3.270 000Agglomération de Coimbre
33%
8.120 000Agglomération de Ponta Delgada
18%
9.120 000Agglomération de Vila Franca de Xira
3%

Distribution des résultats

Percentile par nombre de réponses

% des personnes avec chaque résultat

Votre développement - résultats

Vous n’avez pas pris ce quiz